Culto al cuerpo : las tensiones entre la salud y la apariencia /

Bibliographic Details
Main Author: Tejeda Díaz, Ysabel Noemi (Author)
Format: Electronic eBook
Language:Spanish
Published: Bogotá, Colombia : Editorial Aula de Humanidades, 2025.
Edition:Primera edición.
Series:Colección General (Editorial Aula de Humanidades)
Subjects:
Online Access:Digitalia Hispánica

MARC

LEADER 00000nam a2200000Ii 4500
001 DIGAUHUM0069
003 NyNyDIG
006 m o d
007 cr |||||||||||
008 260205s2025 ck ob 001 0 spa d
035 |a (OCoLC)1573182677 
040 |a DGITA  |b eng  |e rda  |e pn  |c DGITA 
020 |a 9786287700758  |q (versión digital) 
020 |z 9786287700741  |q (versión impresa) 
050 1 4 |a HM636 ebook 
100 1 |a Tejeda Díaz, Ysabel Noemi,  |e author. 
245 1 0 |a Culto al cuerpo :  |b las tensiones entre la salud y la apariencia /  |c Ysabel Noemi Tejeda Díaz. 
250 |a Primera edición. 
264 1 |a Bogotá, Colombia :  |b Editorial Aula de Humanidades,  |c 2025. 
300 |a 1 online resource. 
336 |a text  |b txt  |2 rdacontent 
337 |a computer  |b c  |2 rdamedia 
338 |a online resource  |b cr  |2 rdacarrier 
347 |a text file  |2 rdaft 
347 |b PDF 
490 1 |a Colección: General 
504 |a Includes bibliographical references and indexes. 
588 0 |a Online resource; title from PDF title page (Digitalia, viewed February 5, 2026) 
650 0 |a Body image. 
650 0 |a Human body  |x Social aspects. 
650 0 |a Mind and body. 
791 2 |a Digitalia (Firm),  |e distributor. 
793 0 |g Digitalia eBook Collection:  |a Editorial Aula de Humanidades 
776 0 8 |i Print version:  |a Tejeda Díaz, Ysabel Noemi.  |t Culto al cuerpo.  |b Primera edición.  |d Bogotá, Colombia : Editorial Aula de Humanidades, 2025  |z 9786287700741 
830 0 |a Colección General (Editorial Aula de Humanidades) 
856 4 0 |3 Digitalia Hispánica  |u https://www.digitaliapublishing.com/a/180153/ 
910 |a Premium collection: 2026